| 000 -LEADER |
| fixed length control field |
00515nam a22001937a 4500 |
| 008 - FIXED-LENGTH DATA ELEMENTS--GENERAL INFORMATION |
| fixed length control field |
150623b xxu||||| |||| 00| 0 eng d |
| 020 ## - INTERNATIONAL STANDARD BOOK NUMBER |
| International Standard Book Number |
0324376421 |
| 041 0# - LANGUAGE CODE |
| Language code of text/sound track or separate title |
eng |
| 080 ## - UNIVERSAL DECIMAL CLASSIFICATION NUMBER |
| Universal Decimal Classification number |
338 |
| 100 ## - Rafti |
| Rafti |
Guffey's. Mary Ellen; |
| 245 10 - TITLE STATEMENT |
| Title |
Essentials of Business Communication / |
| Statement of responsibility, etc |
Mary Ellen Guffey. |
| 250 ## - |
| -- |
7th Edition |
| 260 ## - |
| -- |
USA: |
| -- |
Thomson; |
| -- |
2007. |
| 300 ## - |
| -- |
452 f.: |
| -- |
me il.; |
| -- |
25 cm. |
| 505 ## - |
| -- |
Index: f. I-7 - I-15 |
| 650 #0 - |
| -- |
Komunikim Biznesi |
| 650 #0 - |
| -- |
Organizimi |
| 942 ## - ADDED ENTRY ELEMENTS (KOHA) |
| Source of classification or shelving scheme |
|
| Item type |
Books |